DIETETICS (Record no. 22878)

MARC details
000 -LEADER
fixed length control field 00365nam a22001697a 4500
003 - CONTROL NUMBER IDENTIFIER
control field SGT
020 ## - INTERNATIONAL STANDARD BOOK NUMBER
International Standard Book Number 9789396649201
082 ## - DEWEY DECIMAL CLASSIFICATION NUMBER
Classification number 616.3
Item number D21S
100 ## - MAIN ENTRY--PERSONAL NAME
Personal name SRILAKSHMI, B.
245 ## - TITLE STATEMENT
Title DIETETICS
250 ## - EDITION STATEMENT
Edition statement 8TH
260 ## - PUBLICATION, DISTRIBUTION, ETC. (IMPRINT)
Place of publication, distribution, etc NEW DELHI
Name of publisher, distributor, etc NEW AGE INTERNATIONAL
Year of Publication 2021
300 ## - PAGE DESCRIPTION
No. of Pages 550
650 ## - SUBJECT ADDED ENTRY--TOPICAL TERM
Topical term or geographic name as entry element DICTETICS
653 ## - KEYWORDS--INDEX TERM
Keyword term DIET, FOOD, DRINK
942 ## - ADDED ENTRY ELEMENTS (KOHA)
Source of classification or shelving scheme Dewey Decimal Classification
Koha item type Books
Holdings
Withdrawn status Lost status Source of classification or shelving scheme Damaged status Use restrictions Not for loan Collection code Home library Current library Shelving location Date acquired Vendor Name Cost, normal purchase price SGTU Bill Number Full call number Accession No. (Barcode) Date last seen Bill Date Koha item type
    Dewey Decimal Classification   Restricted Access   AYURVEDA SGT FA-FP Library SGT FA-FP Library Reference Book 20/06/2022 AHUJA PUBLICATION 480.00 SGTU 14473 616.3 D21S FA11362 20/06/2022 19/05/2022 Books